000 00541pab a2200181 454500
008 180718b2009 xxu||||| |||| 00| 0 eng d
100 _aFarazmand, Ali
245 _aBuilding administrative capacity for the age of rapid globalization: a modest prescription for the 21st century
260 _c2009
300 _ap.1007-020.
362 _aDec
650 _aGlobalization
650 _aPublic administration - 21st century
650 _aPublic administration
773 _aPublic Administration Review
908 _aN
909 _a85087
999 _c85087
_d85087